Leandro de Sevilla y la lucha contra el arrianismo

Guardat en:
Dades bibliogràfiques
Autor principal: Domínguez del Val, Ursicino (Autor)
Format: Llibre
Idioma:espanyol
Publicat: Madrid Nacional 1981
Col·lecció:Biblioteca de Visionarios Heterodoxos y Marginados, 12
Matèries:
Etiquetes: Afegir etiqueta
Sense etiquetes, Sigues el primer a etiquetar aquest registre!

MARC

LEADER 00000nam a2200000 a 4500
001 UCX1831
003 CL-VaPUC
008 901112e19810000SP |||||||||||||||||spa|d
082 0 4 |a 273.4  |b DOM  |2 21 
100 0 |a Domínguez del Val, Ursicino  |e author  |9 317531 
245 1 0 |a Leandro de Sevilla y la lucha contra el arrianismo 
300 |a 541 p 
942 |c BK 
945 |d 19901112 00:00:00 
260 |a Madrid  |b Nacional  |c 1981 
600 0 7 |a LEANDRO, SANTO  |2 CL-VaPUC  |9 317532 
650 7 |a SANTOS CRISTIANOS BIOGRAFIAS  |2 CL-VaPUC  |9 317496 
650 0 |a Arrianismo  |9 317533 
650 7 |a HEREJIA  |2 CL-VaPUC  |9 317534 
651 0 |a España  |9 254926 
583 |a last modification  |c 19901112 00:00:00  |k Rodrigo Vera 
490 0 |a Biblioteca de Visionarios Heterodoxos y Marginados, 12 
999 |c 222985  |d 222983 
952 |0 0  |1 0  |4 0  |6 273_400000000000000_DOM_1981  |7 0  |8 A  |9 218330  |a BIBTEO  |b BIBTEO  |d 2019-11-15  |i 2871661  |o 273.4 DOM 1981  |p 2871661  |r 2025-01-17  |w 2019-11-15  |y BK  |k ICR 
952 |0 0  |1 0  |4 0  |6 273_400000000000000_DOM_1981  |7 0  |8 A  |9 218331  |a BIBTEO  |b BIBTEO  |d 2019-11-15  |i 3716376  |o 273.4 DOM 1981  |p 3716376  |r 2025-01-17  |w 2019-11-15  |y BK  |k ICR